|
|
|
|
| LEADER |
00000cam a2200000 7i4500 |
| 001 |
0000147641 |
| 005 |
20230209.0 |
| 008 |
230209s2022 my a x k may |
| 020 |
|
|
|a 9789678609975
|
| 040 |
|
|
|a PERPUSTAM
|b eng
|c PERPUSTAM
|e rda
|
| 041 |
|
|
|a may
|
| 090 |
0 |
0 |
|a 297.246
|b BAS
|
| 100 |
0 |
|
|a Basri Ibrahim Al-Hasani Al-Azahari
|c Prof., Dr. ,
|d 1967 ,
|e author
|
| 245 |
1 |
0 |
|a 72 KISAH PARA NABI Yang TIDAK BOLEH DIJADIKAN HUJAH
|c PROF DR BASRI IBRAHIM al-Hasani al-Azhari, Dr Ahmad Faizol bin Ismail
|
| 246 |
3 |
3 |
|a Tujuh puluh dua kisah para nabi yang tidak boleh dijadikan hujah
|
| 264 |
|
1 |
|a Shah Alam, Selangor :
|b Grup Buku Karangkraf Sdn. Bhd.
|c 2022
|
| 300 |
|
|
|a xxv, 241 pages :
|b colour illustrations ;
|c 22 cm.
|
| 336 |
|
|
|a text
|2 rdacontent
|
| 337 |
|
|
|a unmediated
|2 rdamedia
|
| 338 |
|
|
|a volume
|2 rdacarrier
|
| 650 |
1 |
0 |
|a Prophets, Pre-Islamic
|
| 650 |
2 |
0 |
|a Islamic stories, Malay
|
| 650 |
2 |
0 |
|a Prophets in the Qur'an
|
| 700 |
0 |
|
|a Ahmad Faizol Ismail ,
|c Dr. ,
|e author
|
| 999 |
|
|
|a 0000748643
|b Buku
|c Rak Terbuka
|e Perbadanan Perpustakaan Awam Melaka
|
| 999 |
|
|
|a 0000748644
|b Buku
|c Rak Terbuka
|e Perbadanan Perpustakaan Awam Melaka
|
| 999 |
|
|
|a 0000748645
|b Buku
|c Rak Terbuka
|e Perbadanan Perpustakaan Awam Melaka
|
| 999 |
|
|
|a 0000748646
|b Buku
|c Rak Terbuka
|e Perpustakaan Cawangan Jasin
|
| 999 |
|
|
|a 0000748647
|b Buku
|c Rak Terbuka
|e Perpustakaan Cawangan Masjid Tanah
|
| 999 |
|
|
|a 0000748648
|b Buku
|c Rak Terbuka
|e Perpustakaan Cawangan Merlimau
|
| 999 |
|
|
|a 0000748649
|b Buku
|c Rak Terbuka
|e Perpustakaan Komuniti UTC Melaka
|
| 999 |
|
|
|a 0000748650
|b Buku
|c Rak Terbuka
|e Perbadanan Perpustakaan Awam Melaka
|
| 999 |
|
|
|a 0000748651
|b Buku
|c Rak Terbuka
|e PK Aeon Jaya Jusco
|
| 999 |
|
|
|a 0000748652
|b Buku
|c Rak Terbuka
|e Perbadanan Perpustakaan Awam Melaka
|
| 999 |
|
|
|a 0000748653
|b Buku
|c Rak Terbuka
|e Perpustkaan Desa Lubuk China
|